Μεγάλαι μορφαί της αρχαίας εκκλησίας

Αποθηκεύτηκε σε:
Λεπτομέρειες βιβλιογραφικής εγγραφής
Κύριος συγγραφέας: Μπαλάνος, Δημήτριος Σ., 1877-1959
Μορφή: Βιβλίο
Γλώσσα:Greek
Δημοσίευση: Αθήναι : Αετός, 1942.
Θέματα:
Διαθέσιμο Online:http://hdl.handle.net/11610/16818
Ετικέτες: Προσθήκη ετικέτας
Δεν υπάρχουν, Καταχωρήστε ετικέτα πρώτοι!

MARC

LEADER 00000cam a2200000 i 4500
001 1/98601
008 081202s1942 gr || ||| ||gre||
035 |l 10102153 
040 |a GR-MyUa  |b gre  |e AACR2 
041 0 |a gre 
082 7 |a 281.9092   |2 (22) 
100 1 |a Μπαλάνος, Δημήτριος Σ.,   |d 1877-1959. 
245 1 0 |a Μεγάλαι μορφαί της αρχαίας εκκλησίας /   |c Δημητρίου Σ. Μπαλάνου.  
260 |a Αθήναι :   |b Αετός,   |c 1942.  
300 |a 168 σ. ;   |c 22 εκ.  
500 |a Υπάρχει ψηφιακό αντίγραφο.  
504 |a Περιέχει πίνακα.  
610 2 0 |a Orthodox Eastern Church  |x Biography. 
650 0 |a Christianity  |x Biography. 
650 0 |a Church history. 
852 |a INST  |b RHODES  |c AKA  |e 20081202  |h  281.9092 ΜΠΑ  |p 005400028191  |q 005400028191  |t BK  |y 23 
856 |u http://hdl.handle.net/11610/16818 
901 |a BIBL4-2008-3 
909 |a Ρ  |b 156498 
970 |a ΚΟΖΑ  |b ΜΑΡΙΑ  |z 2008-12-02